ბათუმის შოთა რუსთაველის სახელმწიფო უნივერსიტეტის ბიბლიოთეკა

ი.ვ. მიჩურინი და მისი მოძღვრება (ბიბ.ჩანაწერი № 44534)

000 -LEADER
fixed length control field 00708nam a2200205Ia 4500
001 - CONTROL NUMBER
control field 11337
003 - CONTROL NUMBER IDENTIFIER
control field GE_BSU
008 - FIXED-LENGTH DATA ELEMENTS--GENERAL INFORMATION
fixed length control field 181216s||||||||xx |||||||||||||| ||und||
040 ## - CATALOGING SOURCE
Transcribing agency GE_BSU
100 ## - MAIN ENTRY--PERSONAL NAME
Personal name იაკობაშვილი ბ.ა.
245 ## - TITLE STATEMENT
Title ი.ვ. მიჩურინი და მისი მოძღვრება
245 ## - TITLE STATEMENT
Statement of responsibility, etc. რედ: ფ.დ. მამფორია
260 ## - PUBLICATION, DISTRIBUTION, ETC.
Place of publication, distribution, etc. თბილისი
260 ## - PUBLICATION, DISTRIBUTION, ETC.
Name of publisher, distributor, etc. საქ.სას–სამ. ინ–ტის გამ–ბა
260 ## - PUBLICATION, DISTRIBUTION, ETC.
Date of publication, distribution, etc. 1949
300 ## - PHYSICAL DESCRIPTION
Extent 51გვ.22სმ.
300 ## - PHYSICAL DESCRIPTION
Accompanying material ილ.
653 ## - INDEX TERM--UNCONTROLLED
Uncontrolled term ი.ვ. მიჩურინი და მისი მოძღვრება
942 ## - ADDED ENTRY ELEMENTS (KOHA)
Koha item type წიგნი
ეგზემპლარები
Withdrawn status Lost status Damaged status Not for loan Date acquired Barcode Date last seen Price effective from Koha item type
        2018-12-17 19689 2018-12-17 2018-12-17 წიგნი